Skiny ze skrzynki Pryzmatu 2. - Statystyki

Ogólne statystyki
  • Ten quiz został rozwiązany 5 razy
  • Średni wynik to 6 z 17
Statystyki odpowiedzi
Jakość Broń Skin % Poprawnych
Czerwony Glock-18 Bullet Queen
100%
Czerwony M4A1-S Player Two
80%
Niebieski AWP Capillary
60%
Różowy MAG-7 Justice
60%
Różowy MAC-10 Disco Tech
40%
Fioletowy SSG 08 Fever Dream
40%
Różowy AK-47 Phantom Disruptor
40%
Fioletowy P2000 Acid Etched
20%
Fioletowy Obrzyn Apocalypto
20%
Niebieski Desert Eagle Blue Ply
20%
Niebieski R8 Revolver Bone Forged
20%
Fioletowy SG 553 Darkwing
20%
Niebieski MP5-SD Desert Strike
20%
Niebieski CZ75-Auto Distressed
20%
Fioletowy SCAR-20 Enforcer
20%
Niebieski Negev Prototype
20%
Niebieski AUG Tom Cat
20%
Nie znaleziono quizów pasujących do podanych kryteriów
Rozkład punktacji
Procent ludzi z każdym wynikiem
Percentyl według liczby udzielonych odpowiedzi
Twoja historia wyników
Nie rozwiązałeś tego quizu